000 01311cab a2200229 4500
001 ABS50974
008 090401t1994 xxu||||| |||| 00| 0 eng d
035 _a(Sirsi) u3551
041 _aeng
245 _aStevens v East Hampshire Dostrict Council Community Charge Registration Officer and Hampshire North Valuation and Community Charge Tribunal
260 _c1994
350 _a0
490 _aRating Appeals
_v1994 RA 73-77(5)
520 _aQBD 13 December 1993. The payer of community charge (S) appealed against a decision by a Valuation and Community Charge Tribunal that a flat was not his sole residence but a self contained part of a building which attracted community charge. S owned three flats in a block, two of which had been knocked into one, and the third being three floors up. S however claimed that the third flat was also part of his main residence and was used as spare bedroom accommodation and for his hobby of bookbinding. The appeal was dismissed on the grounds that the third flat`s use was not ancillary to the use being made of the main residence.
650 _aCOMMUNITY CHARGE
650 _aMIAN RESIDENCE
650 _aSOLE RESIDENCE
650 _aVALUATION AND COMMUNITY CHARGE TRIBUNAL
690 _aRATING AND VALUATION-CASE LAW
942 _n0
948 _c04/03/1997
999 _c2185
_d2185